Teoretické prístupy k hodnoteniu výkonnosti portfólia podielových fondov

Spôsoby merania výkonnosti v súčasnom období. Klasický spôsob hodnotenia výkonnosti. Miery hodnotenia založené na priamke trhu cenných papierov (SML). Miery hodnotenia výkonnosti založené na priamke kapitálového trhu (CML). Nevýhody klasických mier hodnotenia výkonnosti. Alternatívne miery merania...

Description complète

Enregistré dans:
Détails bibliographiques
Auteur principal: Kmeťko, Miroslav, 1969-
Format: Chapitre de livre
Langue:slovaque
Sujets:
Tags: Ajouter un tag
Pas de tags, Soyez le premier à ajouter un tag!

MARC

LEADER 00000naa$a2200000$$$4500
001 0029348
005 20240502071433.3
041 0 |a slo 
044 |a SK 
245 1 0 |a Teoretické prístupy k hodnoteniu výkonnosti portfólia podielových fondov  |c Miroslav Kmeťko 
520 |a Spôsoby merania výkonnosti v súčasnom období. Klasický spôsob hodnotenia výkonnosti. Miery hodnotenia založené na priamke trhu cenných papierov (SML). Miery hodnotenia výkonnosti založené na priamke kapitálového trhu (CML). Nevýhody klasických mier hodnotenia výkonnosti. Alternatívne miery merania výkonnosti portfólia. Viacfaktorový APT. Grinblattov - Titmanov model bez benchmarku. Použitie metód hodnotenia výkonnosti v SR. Hodnotenie výkonnosti OPF v SR za rok 2004. 
610 2 0 |a výkonnosť 
610 2 0 |a portfólio 
610 2 0 |a fondy podielové 
610 2 0 |a oceňovanie 
610 2 0 |a aktíva 
610 2 0 |a modely ekonomicko-matematické 
610 2 0 |a ukazovatele efektívnosti 
100 1 |a Kmeťko, Miroslav, 1969-